000 00381 a2200169 4500
001 72035
020 _a
040 _cAnchieta - Colégio São Paulo
100 _aMachado, Ana Maria
240 1 0 _aQuem perde ganha
_lpor
245 1 0 _aQuem perde ganha
300 _a[29p.]
362 0 _a1991
440 1 _aNova Fronteira
650 4 _aLiteratura infanto-juvenil
942 _cBK
999 _c72035
_d72035